000 01143nam a2200289Ia 4500
001 ebr10677812
003 CaPaEBR
006 m u
007 cr cn|||||||||
008 130413s2013 ts s 001 0 eng d
020 _z9781608056088
020 _z9781608054770
040 _aCaPaEBR
_cCaPaEBR
035 _a(OCoLC)847619309
050 1 4 _aQC16.S78
_bJ64 2013eb
245 0 0 _aJozef Stefan
_h[electronic resource] :
_bhis scientific legacy on the 175th anniversary of his birth /
_ceditor John C. Crepeau.
260 _a[Sharjah, U.A.E.] :
_bBentham Science Publishers,
_c2013.
300 _avi, 234 p.
500 _aIncludes index.
533 _aElectronic reproduction.
_bPalo Alto, Calif. :
_cebrary,
_d2013.
_nAvailable via World Wide Web.
_nAccess may be limited to ebrary affiliated libraries.
600 1 0 _aStefan, Jozef,
_d1835-1893.
650 0 _aPhysicists
_zAustria
_vBiography.
655 7 _aElectronic books.
_2local
700 1 _aCrepeau, John C.
710 2 _aebrary, Inc.
856 4 0 _uhttp://site.ebrary.com/lib/rucke/Doc?id=10677812
_zAn electronic book accessible through the World Wide Web; click to view
999 _c59325
_d59325